000
00287nam a22001337a 4500
003
SGT
020
_a
9788179100868
082
_a
371.92,SHA
100
_a
SHAH, S.K.
245
_a
EDUCATING MENTALLY RETARDED CHILDREN
260
_a
JAIPUR
_b
APD
_c
2023
300
_a
190
942
_2
ddc
_c
BK
999
_c
33489
_d
33489